| 000 | 00679nam a22002057a 4500 | ||
|---|---|---|---|
| 003 | OSt | ||
| 005 | 20140310183107.0 | ||
| 008 | 130305t xxu||||| |||| 00| 0 eng d | ||
| 020 | _a9716420714 | ||
| 050 |
_aDS 686.5 _b.Z35 1999 |
||
| 100 | _aZaide, Sonia M. | ||
| 245 |
_aThe Philippines a unique nation : _bwith Gregorio F. Zaides history of the republic of the philippines / _cSonia M. Zaide ; with Gregorio F. Zaide's History of the Republic of the Philippines |
||
| 250 | _a2nd ed. | ||
| 260 |
_aQuezon City: _bAll-Nations Pub., _c1999. |
||
| 300 |
_a478 p. : _c23 cm. |
||
| 650 |
_aHistory _xPhilippines |
||
| 942 |
_2lcc _cBK _kLOC |
||
| 999 |
_c18803 _d18803 |
||